Datum a čas kvízu
42.5
Celkem bodů
Celkový počet nahraných bodů na tomto kvízu bez doplňovacích otázek.
1.
Pořadí na kvízu
Konečné umístění týmu na tomto kvízu.
Zaznamenané odpovědi
| # | Otázka | Odpověď | Body | Výsledky |
|---|---|---|---|---|
| 1. | Který muž jako teprve druhý Če... | Jan Lipavský | 1 | |
| 2. | Ve které zemi minulý týden pro... | v Íránu | 1 | |
| 3. | Britský rapper Stormzy vydal m... | Usain Bolt | 1 | |
| 4. | V pondělí rozhodl soud, že jed... | Goodyear | 1 | |
| 5. | Generální manažer české hokejo... | Petr Nedvěd | 1 | |
| 6. | Vítězné téma facebookového hla... | C. Attlee, H. Truman, Stalin | 0.5 | |
| 7. | Vyberte název prvního vesmírné... | A | 1 | |
| 8. | Jak se jmenoval tento muž a kt... | Josip Tito, Jugoslávie | 1 | |
| 9. | V roce 1988 došlo nad skotským... | Muammar Kaddáfí | 1 | |
| 10. | Seřaďte níže vypsané události... | 1D 2A 3B 4C | 1 |